Sesso e amore : nella vita dell'uomo e degli animali : volume secondo

Zapisane w:
Opis bibliograficzny
1. autor: De Napoli, Ferdinando
Format: Książka
Język:angielski
Etykiety: Dodaj etykietę
Nie ma etykietki, Dołącz pierwszą etykiete!

MARC

LEADER 00000nam a2200000 4500
001 CDOM0000002384
003 mi
005 20250918160810.0
008 250918b |||||||| |||| 00| 0 eng d
040 |c mi 
100 |a De Napoli, Ferdinando 
245 1 |a Sesso e amore :  |b nella vita dell'uomo e degli animali : volume secondo  
942 |2 ddc  |c BK 
952 |0 0  |1 0  |2 ddc  |4 0  |7 0  |9 5956  |a MI  |b MI  |d 1987-10-05  |i 587  |l 0  |p CDOM587  |r 2025-07-13 16:28:00  |w 2025-07-13  |x ACQUISTO  |y BK 
999 |c 4757  |d 4757